000 00393nam a2200133 a 4500
001 000044935
005 20201002045738.0
008 150120s1973 000 spa d
020 _a8471571021
040 _aDO-SdBNP
_bspa
_cBNPHU
245 0 _aRedacción y Arte de Escribir.
260 _aEspaña, :
_bMinisterio de Educación y Ciencia de España,
_c1973.
300 _a40 p. :
_bil. : ;
_c27 cm.
999 _c44424
_d44424